Every US election's major party ticket candidates - Statistics

General Stats
  • This quiz has been taken 92 times
  • The average score is 166 of 265
Answer Stats
Hint Answer % Correct
2016 Republican Donald Trump
100%
Republican Donald Trump
100%
2024 Republican Donald Trump
100%
Joe Biden
100%
Joe Biden
100%
2020 Democratic Joe Biden
100%
Kamala Harris
100%
Democratic Kamala Harris
100%
1992 Democratic Bill Clinton
98%
1996 Democratic Bill Clinton
98%
2008 Democratic Barack Obama
97%
2012 Democratic Barack Obama
97%
Democratic Hillary Clinton
97%
JD Vance
97%
Mike Pence
97%
Mike Pence
97%
Democratic-Republican* DeWitt Clinton
95%
George Clinton
95%
George Clinton
95%
2000 Republican George W. Bush
95%
2004 Republican George W. Bush
95%
1960 Democratic John F. Kennedy
95%
1980 Republican Ronald Reagan
95%
1984 Republican Ronald Reagan
95%
George H. W. Bush
94%
George H. W. Bush
94%
1988 Republican George H. W. Bush
94%
Republican George H. W. Bush
94%
Republican John McCain
94%
1788 - 1789 Independent George Washington
92%
1792 Independent George Washington
92%
Republican Gerald Ford
92%
Lyndon B. Johnson
92%
1964 Democrat Lyndon B. Johnson
92%
Republican Mitt Romney
92%
Al Gore
91%
Al Gore
91%
Democratic Al Gore
91%
1952 Republican Dwight D. Eisenhower
91%
1956 Republican Dwight D. Eisenhower
91%
Franklin D. Roosevelt
91%
1932 Democratic Franklin D. Roosevelt
91%
1936 Democratic Franklin D. Roosevelt
91%
1940 Democratic Franklin D. Roosevelt
91%
1944 Democratic Franklin D. Roosevelt
91%
Herschel V. Johnson
91%
Hiram Johnson
91%
1976 Democratic Jimmy Carter
91%
Democratic Jimmy Carter
91%
Richard M. Johnson
91%
Richard Nixon
91%
Richard Nixon
91%
Republican Richard Nixon
91%
1968 Republican Richard Nixon
91%
1972 Republican Richard Nixon
91%
Theodore Roosevelt
91%
1904 Republican Theodore Roosevelt
91%
Progressive Theodore Roosevelt
91%
Walter Mondale
91%
Walter Mondale
91%
Democratic Walter Mondale
91%
Democratic-Republican* Andrew Jackson
89%
1828 Democratic Andrew Jackson
89%
1832 Democratic Andrew Jackson
89%
Andrew Johnson
89%
Charles F. Adams
89%
1796 Federalist John Adams
89%
Federalist John Adams
89%
1824 Democratic-Republican John Quincy Adams
89%
National Republican John Quincy Adams
89%
1860 Republican Abraham Lincoln
88%
1864 National Union Abraham Lincoln
88%
Dick Cheney
88%
Dick Cheney
88%
Harry S. Truman
88%
1948 Democratic Harry S. Truman
88%
1928 Republican Herbert Hoover
88%
Republican Herbert Hoover
88%
Democratic John Kerry
88%
Democratic-Republican Thomas Jefferson
88%
1800 Democratic-Republican Thomas Jefferson
88%
1804 Democratic-Republican Thomas Jefferson
88%
Tim Walz
86%
1912 Democratic Woodrow Wilson
86%
1916 Democratic Woodrow Wilson
86%
Calvin Coolidge
84%
1924 Republican Calvin Coolidge
84%
Henry Wilson
84%
1884 Democratic Grover Cleveland
83%
Democratic Grover Cleveland
83%
1892 Democratic Grover Cleveland
83%
Independent Ross Perot
83%
Reform Ross Perot
83%
1908 Republican William Howard Taft
83%
Republican William Howard Taft
83%
Bob Dole
81%
Republican Bob Dole
81%
1808 Democratic-Republican James Madison
81%
1812 Democratic-Republican James Madison
81%
Sarah Palin
81%
1920 Republican Warren G. Harding
81%
1888 Republican Benjamin Harrison
80%
Republican Benjamin Harrison
80%
Dan Quayle
80%
Dan Quayle
80%
Whig William Henry Harrison
80%
1840 Whig William Henry Harrison
80%
1816 Democratic-Republican James Monroe
78%
1820 Democratic-Republican James Monroe
78%
Martin Van Buren
78%
1836 Democratic Martin Van Buren
78%
Democratic Martin Van Buren
78%
Free Soil Martin Van Buren
78%
Democratic Michael Dukakis
78%
Spiro Agnew
78%
Spiro Agnew
78%
1868 Republican Ulysses S. Grant
78%
1872 Republican Ulysses S. Grant
78%
1856 Democratic James Buchanan
77%
Republican Thomas E. Dewey
77%
Republican Thomas E. Dewey
77%
1880 Republican James A. Garfield
75%
James G. Field
75%
1896 Republican William McKinley
75%
1900 Republican William McKinley
75%
Adlai Stevenson I
73%
Adlai Stevenson I
73%
Democratic Adlai Stevenson II
73%
Democrat Adlai Stevenson II
73%
Republican Barry Goldwater
73%
Hubert Humphrey
73%
Democratic Hubert Humphrey
73%
1844 Democratic James K. Polk
73%
1876 Republican Rutherford B. Hayes
73%
John Tyler
72%
John Tyler
72%
1848 Whig Zachary Taylor
72%
Democratic George McGovern
70%
Paul Ryan
70%
Tim Kaine
70%
1852 Democratic Franklin Pierce
69%
American Independent George Wallace
69%
Henry A. Wallace
69%
Millard Fillmore
69%
Know Nothing Millard Fillmore
69%
Chester A. Arthur
67%
Aaron Burr
66%
Aaron Burr
66%
Charles W. Bryan
64%
Democrat William Jennings Bryan
64%
Democratic William Jennings Bryan
64%
Democratic William Jennings Bryan
64%
Democratic Al Smith
63%
Joe Lieberman
63%
John Edwards
59%
Democratic Stephen A. Douglas
58%
State's rights Strom Thurmond
58%
Republican Wendell Willkie
58%
Republican Alf Landon
56%
Geraldine Ferraro
56%
Democratic-Republican* Henry Clay
56%
National Republican Henry Clay
56%
Whig Henry Clay
56%
Henry G. Davis
56%
Democratic John W. Davis
56%
Democratic George B. McClellan
55%
Republican Charles Evans Hughes
53%
Independent John B. Anderson
52%
Republican John C. Frémont
50%
Rufus King
50%
Rufus King
50%
Federalist Rufus King
50%
William R. King
50%
Democratic James M. Cox
48%
John C. Breckinridge
48%
Southern Democratic John C. Breckinridge
48%
John C. Calhoun
48%
John C. Calhoun
48%
John C. Calhoun
48%
Whig Winfield Scott
47%
Charles C. Pinckney
45%
Federalist Charles C. Pinckney
45%
Federalist Charles C. Pinckney
45%
Constitutional Union John Bell
45%
John Nance Garner
45%
John Nance Garner
45%
Lloyd Bentsen
45%
Thomas Pinckney
45%
Socialist Eugene V. Debs
44%
Democratic Samuel J. Tilden
44%
Democratic Alton B. Parker
42%
Liberal Republican* Horace Greeley
42%
Progressive Robert M. La Follette
42%
Democratic Winfield Scott Hancock
42%
Hannibal Hamlin
41%
Republican James G. Blaine
41%
Charles Curtis
39%
Charles Curtis
39%
Henry Cabot Lodge Jr.
39%
Thomas R. Marshall
39%
Thomas R. Marshall
39%
Democratic Lewis Cass
38%
William E. Miller
38%
Charles W. Fairbanks
36%
Charles W. Fairbanks
36%
Democratic Horatio Seymour
36%
Jack Kemp
34%
Burton K. Wheeler
33%
Edmund Muskie
33%
Sargent Shriver
33%
Schuyler Colfax
33%
Thomas A. Hendricks
33%
Thomas A. Hendricks
33%
William A. Wheeler
33%
Alben W. Barkley
31%
Benjamin Gratz Brown
31%
Charles G. Dawes
31%
Elbridge Gerry
31%
George M. Dallas
31%
James Stockdale
31%
Earl Warren
30%
Estes Kefauver
28%
Democratic-Republican* William H. Crawford
28%
Daniel D. Tompkins
27%
Daniel D. Tompkins
27%
James S. Sherman
27%
Garret Hobart
25%
Whig Hugh L. White
25%
Anti-Masonic William Wirt
25%
Populist James B. Weaver
23%
John Sparkman
23%
Levi P. Morton
23%
Curtis LeMay
19%
Frank Knox
19%
Joseph T. Robinson
19%
John W. Bricker
17%
George H. Pendleton
14%
Joseph Lane
14%
Nicholas M. Butler
14%
Theodore Frelinghuysen
14%
William H. English
14%
William O. Butler
14%
Fielding L. Wright
13%
Francis Preston Blair Jr.
13%
Patrick Lucey
13%
Arthur Sewall
11%
Charles L. McNary
11%
Edward Everett
11%
Francis Granger
11%
John E. Howard
11%
Allen G. Thurman
9%
John A. Logan
9%
Nathaniel Macon
9%
Pat Choate
9%
Richard Rush
9%
Whitelaw Reid
9%
William A. Graham
9%
William L. Dayton
9%
Jared Ingersoll
8%
John Sergeant
8%
John W. Kern
8%
Nathan Sanford
8%
Amos Ellmaker
6%
Andrew J. Donelson
6%
Emil Seidel
6%
No matching quizzes found
Score Distribution
Percent of People with Each Score
Percentile by Number Answered
Your Score History
You have not taken this quiz